000 00810nmc a2200301 a 4500
003 AR-Y00000XR
005 20251128211930.0
008 267020s2001 ||||||||||||||000 | spa||
020 _a950-05-1421-4
040 _cAR-Y00000XR
100 1 _aMachado de Assis, Joaquín María
245 1 0 _aMemorial de Aires
260 _aBuenos Aires
_bCorregidor
_c2001
300 0 _a282 p.
490 0 _aVereda Brasil
_v4
650 4 _aNOVELAS
650 4 _aNARRATIVA
650 4 _aLITERATURA CONTEMPORANEA
653 0 _aLITERATURA BRASILENA
655 _aLITERATURA
700 1 _aCándido, Antonio
_eprologuista
700 1 _aGledson, John
_ecomentarios
800 1 _aPereira, Maria Antonieta
800 1 _aGarramuño, Florencia
800 1 _aAguilar, Gonzalo
942 _cBK
998 _cme-solo cat
999 _c21668
_d21668